000 00915nam a22003017a 4500
003 CHAP
005 20220329135844.0
008 971013s1970 r 00010 d
010 _a43369
011 _a44341
035 _a48479
040 _cCHAP
082 _a301.35
_bF7
100 0 0 _aFromm, Erich.
_943554
245 _aSocial character in a Mexican village; a sociopsychoanalytic study
260 _aEnglewood Cliffs :
_bPrentice Hall,
_c1970
300 _a303 p.
590 _aBATCH-UPD
_b10
_c20130110
_lUCH01
_h1157
590 _aBATCH-UPD
_b10
_c20130410
_lUCH01
_h0740
590 _aBATCH-UPD
_b10
_c20130914
_lUCH01
_h1444
590 _aCONVERSION
_b10
_c20130109
_lUCH01
_h1324
650 1 4 _aPsicologĂ­a social.
_992616
650 1 4 _aSociologĂ­a rural.
_9108215
700 0 _aMaccoby, Michael.
_969345
901 _aBK
942 _cLIBRO
949 _a301.35 F7
_bBC
_cMUT
_d-109774
_eMUT
_h27814
_i48479
_si
999 _c43369
_d43369